000 00977cam a2200229 4500
001 ABS65412
008 020417n2002 000 0 eng u
035 _a(Sirsi) u117543
100 _aGaunt, J
245 _aStop the clock
260 _c2002
490 _aEstates Gazette
_v(0213) 30 March 2002, 96(1)
520 _aArgues that rent review hearings could prove shorter, more straightforward and less expensive if the parties agreed on a procedure beforehand. Ilustrates how a recent arbitration adopted such a procedure and details the two day timetable and rules agreed on by both parties. Concludes that the implementation of this procedure is hard work and requires a certain amount of fair play, but should prevent hearings leading to extra delay and cost.
590 _aABS
650 _aRENT REVIEWS
650 _aHEARINGS
650 _aRULES
650 _aTIMETABLE
650 _aPROCEDURE
690 _aLANDLORD AND TENANT-RENT REVIEWS
942 _n0
999 _c70000
_d70000